00493nam a2200157Ia 4500008004100000100002600041245010300067260001200170260001100182260000900193300000700202650002300209942000900232999001500241952007900256160109s9999 xx 000 0 und d10aJayawickrama,W.A.I.U. aDetermination of Antioxident Activity of Some Plant Extracts used for Arthritis Ayurvedic Medicine aColombo bIchemc c2014 a40 aAyurvedic Medicine cbook c2971d2971 0010708NFICaICbICcGENd2016-01-09l0pD0226r2016-01-09 00:00:00yDIS